00346nam a22001097a 4500041000800000082001800008100001500026245013700041260002600178300000700204650002500211 aENG a306.0899bYAR aYarso K.Y. aDenominational Diversification of Tangkhul Naga Christianity: A Study of Christianity from the Baptist to the Current Denominations. aHyderabadbARRCc2024 a64 aChristianity - India